000 00622nam a2200217Ia 4500
003 GCL
008 140319s9999 xx 000 0 ara d
020 _a8127409960
040 _aGCL /
_cGCL
082 0 4 _a652.8
_bل ش
100 1 _aليفى، ستيفن
245 1 0 _aالشيفرة /
_cليفى، ستيفن
250 _aالاولى
260 _aالرياض :
_bمكتبة العبيكان ،
_c2002
300 _a549 ص ؛
_c24 سم
650 0 4 _aالكتابة بالرموز
650 0 4 _aالشفرة
650 0 4 _aالكتابة السرية
650 0 4 _aتحليل الشفرات
942 _2ddc
_cBK
999 _c5550
_d5550